000 00326nam a2200121Ia 4500
008 231129s1984||||xx |||||||||||||| ||spa||
082 _aER- 323
100 _aGonzález M. Luis Carlos
245 0 _aRetocando imágenes
260 _c1984
264 _aPereira: Fondo Editorial Gobernación Risaralda 1984
942 _2ddc
_cBKS
999 _c24047
_d24047